[Event "Hum na Sutli op 16th"]
[Site "Hum na Sutli"]
[Date "2024.08.23"]
[Round "8"]
[White "Globan, Tomislav"]
[Black "Gorup, Damir"]
[Result "0-1"]
[WhiteElo "1918"]
[BlackElo "1924"]
[PlyCount "90"]
[EventDate "2024.08.17"]
[EventType "swiss"]
[EventRounds "9"]
[EventCountry "CRO"]
[SourceTitle "EXT 2025"]
[Source "ChessBase"]
[SourceDate "2024.10.14"]
[SourceVersion "1"]
[SourceVersionDate "2024.10.14"]
[SourceQuality "1"]

1. e3 Nf6 2. c4 g6 3. d4 Bg7 4. Nc3 0-0 5. f4 d6 6. Nf3 Nbd7 7. Be2 c5 8. 0-0 cxd4 9. exd4 a6 10. h3 Qc7 11. Be3 e5 12. Qd2 exd4 13. Nxd4 Nc5 14. Bf3 Re8 15. Bf2 Nfe4 16. Bxe4 Nxe4 17. Nxe4 Rxe4 18. Rfe1 Rxe1+ 19. Rxe1 Bd7 20. b3 Re8 21. Rd1 Bf8 22. Nc2 Bf5 23. Nb4 Re6 24. Nd5 Qd8 25. Bb6 Qh4 26. Bf2 Qd8 27. Bd4 Be4 28. Ba1 Bg7 29. Bxg7 Kxg7 30. Qd4+ Kg8 31. Nc3 Qe8 32. Kh2 Bc6 33. Rd2 Qe7 34. b4 Qe8 35. a4 Bxa4 36. Nd5 Qd8 37. b5 axb5 38. Ra2 f6 39. cxb5 Bxb5 40. Qa1 Kg7 41. Ra8 Qd7 42. Qa5 Bc6 43. Rd8 Qf7 44. f5 Re5 45. fxg6 hxg6 0-1

[Event "Hum na Sutli op 16th"]
[Site "Hum na Sutli"]
[Date "2024.08.22"]
[Round "7"]
[White "Pazlar, Marko"]
[Black "Globan, Tomislav"]
[Result "1-0"]
[WhiteElo "1997"]
[BlackElo "1918"]
[PlyCount "151"]
[EventDate "2024.08.17"]
[EventType "swiss"]
[EventRounds "9"]
[EventCountry "CRO"]
[SourceTitle "EXT 2025"]
[Source "ChessBase"]
[SourceDate "2024.10.14"]
[SourceVersion "1"]
[SourceVersionDate "2024.10.14"]
[SourceQuality "1"]

1. Nf3 c5 2. c4 Nf6 3. g3 e6 4. Bg2 d5 5. 0-0 Nc6 6. cxd5 exd5 7. d4 cxd4 8. Nxd4 Be7 9. Nc3 0-0 10. b3 Bc5 11. Nxc6 bxc6 12. Na4 Bb6 13. Bb2 Re8 14. Qd3 Bg4 15. e3 Bh5 16. Rac1 Rc8 17. Bd4 Ne4 18. Nc5 Bxc5 19. Bxc5 Qa5 20. Qc2 Bg6 21. b4 Qa6 22. Qb2 Qb7 23. Qd4 Ra8 24. h4 h5 25. a3 a5 26. Ra1 Qb5 27. Bxe4 Bxe4 28. f3 Bg6 29. Rf2 Re6 30. Rc1 Rae8 31. Rc3 Rb8 32. Kg2 Qa6 33. bxa5 Qxa5 34. Bb4 Qa6 35. Rc5 Qa4 36. Re2 Qb3 37. Rc3 Qb1 38. Qd2 Qf5 39. Qd4 Rf6 40. Rf2 Qb1 41. Qd2 Re8 42. Rc1 Qf5 43. Qd4 Re4 44. Qd2 Re8 45. a4 Rfe6 46. Bc5 Ra8 47. a5 Ree8 48. Bb6 Qc8 49. Qd4 Re6 50. Rc3 Qa6 51. Rb2 Rae8 52. Qd1 Rc8 53. Qe2 Ra8 54. Qxa6 Rxa6 55. Kf2 Kf8 56. Bc5+ Kg8 57. Rb8+ Kh7 58. Bb6 f6 59. Rc8 Be8 60. Rc7 Ra8 61. Ra3 Kg6 62. Bc5 Ra6 63. Ra7 Rxa7 64. Bxa7 c5 65. Bxc5 Bb5 66. Rb3 Ba6 67. Rb6 Kf7 68. g4 hxg4 69. fxg4 Rxb6 70. axb6 f5 71. gxf5 Kf6 72. Bd4+ Kxf5 73. Bxg7 Kg4 74. Bf6 Kf5 75. Bd8 Kg4 76. Ke1 1-0

[Event "Hum na Sutli op 16th"]
[Site "Hum na Sutli"]
[Date "2024.08.20"]
[Round "5"]
[White "Globan, Tomislav"]
[Black "Novosel, Vladimir"]
[Result "0-1"]
[WhiteElo "1918"]
[BlackElo "1946"]
[PlyCount "76"]
[EventDate "2024.08.17"]
[EventType "swiss"]
[EventRounds "9"]
[EventCountry "CRO"]
[SourceTitle "EXT 2025"]
[Source "ChessBase"]
[SourceDate "2024.10.14"]
[SourceVersion "1"]
[SourceVersionDate "2024.10.14"]
[SourceQuality "1"]

1. c4 e5 2. a3 Nf6 3. e3 d5 4. d4 dxc4 5. Bxc4 Be7 6. Qb3 0-0 7. dxe5 Ng4 8. Nf3 Nc6 9. Qc3 Be6 10. Bxe6 fxe6 11. h3 Rxf3 12. hxg4 Rf7 13. Nd2 Qd5 14. Qc2 g6 15. Qe4 Nxe5 16. Qxd5 exd5 17. f3 Nd3+ 18. Ke2 Nxc1+ 19. Raxc1 Bf6 20. Rc2 Re8 21. Rhc1 c6 22. Kd3 Bg5 23. f4 Bd8 24. Nf3 Rfe7 25. Re2 Bb6 26. Rce1 c5 27. b4 c4+ 28. Kd2 a5 29. g5 axb4 30. axb4 Ra8 31. Ne5 Ra2+ 32. Kc3 Ra3+ 33. Kc2 Bc7 34. Ng4 Kg7 35. g3 d4 36. exd4 Ra2+ 37. Kd1 Ra1+ 38. Kd2 c3+ 0-1

[Event "Hum na Sutli op 16th"]
[Site "Hum na Sutli"]
[Date "2024.08.19"]
[Round "4"]
[White "Globan, Tomislav"]
[Black "Zlatolas, Anej"]
[Result "1/2-1/2"]
[WhiteElo "1918"]
[BlackElo "1752"]
[PlyCount "64"]
[EventDate "2024.08.17"]
[EventType "swiss"]
[EventRounds "9"]
[EventCountry "CRO"]
[SourceTitle "EXT 2025"]
[Source "ChessBase"]
[SourceDate "2024.10.14"]
[SourceVersion "1"]
[SourceVersionDate "2024.10.14"]
[SourceQuality "1"]

1. c4 f5 2. d4 Nf6 3. Nc3 e6 4. a3 d5 5. Bf4 c6 6. e3 Bd6 7. Bxd6 Qxd6 8. Nf3 0-0 9. c5 Qe7 10. Ne5 Nbd7 11. Nxd7 Bxd7 12. f4 Ne4 13. Nxe4 fxe4 14. h4 b6 15. Rc1 b5 16. b3 a5 17. g3 g6 18. Rc2 e5 19. dxe5 Be6 20. Qd4 Bg4 21. Bg2 h5 22. Kd2 Qe6 23. Kc1 Kg7 24. Bf1 a4 25. b4 Bf3 26. Bh3 Bg4 27. Bg2 Rh8 28. Rf2 Raf8 29. Bf1 Kh6 30. Rhh2 Kg7 31. Rc2 Rb8 32. Kb2 Kh6 1/2-1/2

[Event "Zagreb Hulak Memorial op 3rd"]
[Site "Zagreb"]
[Date "2018.12.01"]
[Round "1"]
[White "Yankelevich, Lev"]
[Black "Globan, Tomislav"]
[Result "1-0"]
[WhiteElo "2441"]
[BlackElo "1945"]
[PlyCount "89"]
[EventDate "2018.12.01"]
[EventType "swiss"]
[EventRounds "9"]
[EventCountry "CRO"]
[SourceTitle "CBM 187 Extra"]
[Source "ChessBase"]
[SourceDate "2018.11.04"]
[SourceVersion "1"]
[SourceVersionDate "2018.11.04"]
[SourceQuality "1"]

1. d4 d5 2. c4 e6 3. Nf3 c5 4. cxd5 exd5 5. g3 Nc6 6. Bg2 cxd4 7. Nxd4 Nf6 8. 0-0 Be7 9. Nc3 0-0 10. Be3 Be6 11. Rc1 Nxd4 12. Bxd4 Qa5 13. Qa4 Qxa4 14. Nxa4 b6 15. Nc3 Rac8 16. Nb5 Bc5 17. Rfd1 a6 18. Nc3 Rfd8 19. Bxf6 gxf6 20. Bxd5 Bxd5 21. Nxd5 Rxd5 22. Rxd5 Bxf2+ 23. Kxf2 Rxc1 24. Rd6 b5 25. Rxa6 Rc2 26. b3 Kg7 27. Ke3 h5 28. Ra5 Kg6 29. Kd3 Rb2 30. h4 Kh6 31. Rxb5 Rxa2 32. Rf5 Kg6 33. e4 Rb2 34. Kc4 Rg2 35. Rf3 Re2 36. Kd4 Rb2 37. Kc5 Re2 38. b4 Rxe4 39. b5 Re5+ 40. Kc6 f5 41. b6 Re1 42. Rf4 Rc1+ 43. Kb5 Rb1+ 44. Rb4 Rxb4+ 45. Kxb4 1-0

[Event "Zagreb Hulak Memorial op 1st"]
[Site "Zagreb"]
[Date "2016.06.17"]
[Round "9"]
[White "Globan, Tomislav"]
[Black "Matic, Zeljko"]
[Result "0-1"]
[WhiteElo "2034"]
[BlackElo "2211"]
[PlyCount "102"]
[EventDate "2016.06.10"]
[EventType "swiss"]
[EventRounds "9"]
[EventCountry "CRO"]
[SourceTitle "CBM 173 Extra"]
[Source "ChessBase"]
[SourceDate "2016.08.29"]
[SourceVersion "1"]
[SourceVersionDate "2016.08.29"]
[SourceQuality "1"]

1. d4 g6 2. e3 Bg7 3. c4 d6 4. Ne2 Nf6 5. Nec3 0-0 6. Be2 c5 7. dxc5 dxc5 8. Qxd8 Rxd8 9. Bf3 Nbd7 10. Na4 Rb8 11. Nbc3 b6 12. b3 Ne5 13. Ke2 Nxf3 14. gxf3 Nd7 15. Rd1 Bb7 16. Bb2 Ne5 17. e4 f5 18. h3 Nc6 19. Kf1 Nd4 20. Rd3 e6 21. Rad1 Rf8 22. Bc1 Rf7 23. exf5 Rxf5 24. f4 Rbf8 25. Be3 e5 26. fxe5 Bh6 27. R1d2 Bxe3 28. Rxe3 Nf3 29. Rde2 Nd4 30. Rd2 Nf3 31. Rde2 Rg5 32. Rxf3 Bxf3 33. Re3 Rh5 34. Ne2 Rxh3 35. Ng1 Rh1 36. e6 Bc6 37. Nc3 Rh2 38. Re2 Kg7 39. Nd5 Rh5 40. e7 Rc8 41. Nf4 Rf5 42. Ngh3 Re8 43. Re3 h6 44. Re6 Rf6 45. Re1 Kf7 46. Nd3 Rxe7 47. Ne5+ Kg7 48. f4 Bb7 49. Rd1 g5 50. Ng4 Rff7 51. Kg1 Bf3 0-1

[Event "Zagreb op"]
[Site "Zagreb"]
[Date "2014.03.18"]
[Round "2"]
[White "Globan, Tomislav"]
[Black "Zufic, Miroslav"]
[Result "0-1"]
[WhiteElo "2162"]
[BlackElo "2458"]
[PlyCount "94"]
[EventDate "2014.03.17"]
[EventType "swiss"]
[EventRounds "9"]
[EventCountry "CRO"]
[SourceTitle "CBM 159 Extra"]
[Source "ChessBase"]
[SourceDate "2014.04.24"]
[SourceVersion "1"]
[SourceVersionDate "2014.04.24"]
[SourceQuality "1"]

1. h4 c5 2. h5 Nc6 3. e3 d5 4. d3 e5 5. c3 Nf6 6. Be2 Bd6 7. Kf1 0-0 8. Bd2 Be6 9. Be1 d4 10. cxd4 exd4 11. e4 c4 12. f3 b5 13. a4 a6 14. h6 g6 15. Bh4 Be7 16. Be1 Nd7 17. Na3 Bxa3 18. bxa3 Nc5 19. Bb4 Nxb4 20. axb4 Nb3 21. Rb1 Qg5 22. f4 Qxf4+ 23. Nf3 Rfd8 24. a5 Rac8 25. Rh4 Qe3 26. Qc2 cxd3 27. Qxd3 Rc1+ 28. Rxc1 Qxc1+ 29. Qd1 d3 30. Qxc1 dxe2+ 31. Kxe2 Nxc1+ 32. Ke3 Na2 33. e5 Bc4 34. Rd4 Rxd4 35. Kxd4 Nxb4 36. Kc5 Nd3+ 37. Kd4 Nf4 38. Nd2 Ne6+ 39. Kc3 Bd5 40. g3 f6 41. exf6 Kf7 42. Nf1 Kxf6 43. Ne3 Be4 44. Ng4+ Kg5 45. Ne5 Kxh6 46. Nf7+ Kg7 47. Nd6 Bd5 0-1

[Event "CRO-chT3 Center"]
[Site "Zagreb"]
[Date "2005.05.22"]
[Round "6.4"]
[White "Kolmanic, Zvonko"]
[Black "Globan, Tomislav"]
[Result "0-1"]
[WhiteElo "2089"]
[BlackElo "2192"]
[PlyCount "74"]
[EventDate "2005.04.03"]
[EventType "tourn"]
[EventRounds "11"]
[EventCountry "CRO"]
[SourceTitle "EXT 2007"]
[Source "ChessBase"]
[SourceDate "2006.11.23"]
[SourceVersion "1"]
[SourceVersionDate "2006.11.23"]
[SourceQuality "1"]

1. e4 c5 2. Nf3 d6 3. c4 Bg4 4. Be2 Nc6 5. d4 Bxf3 6. Bxf3 cxd4 7. 0-0 g6 8. Bg5 Bg7 9. Nd2 Qc7 10. Nb3 Rc8 11. Qd2 e6 12. Be2 h6 13. Bh4 Nge7 14. f4 0-0 15. Bd3 f5 16. Qe2 Qd7 17. Rac1 e5 18. Bg3 Rce8 19. h4 h5 20. Qd2 fxe4 21. Bxe4 Nf5 22. Qd3 Nce7 23. Nd2 Ne3 24. Bxg6 Nxg6 25. Qxg6 Nxf1 26. Rxf1 Qg4 27. Qxg4 hxg4 28. f5 e4 29. Bxd6 Rf7 30. Nb3 d3 31. Bf4 Rxf5 32. g3 Bxb2 33. Re1 Bc3 34. Bd2 Bxd2 35. Nxd2 e3 36. Nb3 Rf6 37. Kg2 Rf2+ 0-1

[Event "CRO-chT3 Center"]
[Site "Zagreb"]
[Date "2005.04.17"]
[Round "2.5"]
[White "Globan, Tomislav"]
[Black "Maravic, Stjepan"]
[Result "1-0"]
[WhiteElo "2192"]
[BlackElo "2138"]
[PlyCount "67"]
[EventDate "2005.04.03"]
[EventType "tourn"]
[EventRounds "11"]
[EventCountry "CRO"]
[SourceTitle "EXT 2007"]
[Source "ChessBase"]
[SourceDate "2006.11.23"]
[SourceVersion "1"]
[SourceVersionDate "2006.11.23"]
[SourceQuality "1"]

1. d4 Nf6 2. c4 g6 3. Nc3 d5 4. cxd5 Nxd5 5. Bd2 Bg7 6. e4 Nb6 7. Be3 0-0 8. h3 e5 9. Nf3 exd4 10. Nxd4 Bd7 11. Be2 Nc6 12. Nxc6 Bxc6 13. Qc2 Qe7 14. 0-0-0 Rfe8 15. Bf3 Nc4 16. Bd4 Bh6+ 17. Kb1 Qb4 18. Ka1 Rad8 19. Nd5 Bxd5 20. exd5 c6 21. Bc3 Qb6 22. dxc6 bxc6 23. Bf6 Rxd1+ 24. Rxd1 c5 25. Bc3 Rb8 26. Bd5 Nd6 27. Be5 Rd8 28. Bf6 Re8 29. Bc3 Nb5 30. Qa4 Rb8 31. Be5 Nd6 32. Bb3 Bf8 33. Qf4 c4 34. Qf6 1-0

[Event "CRO-chT3 Center"]
[Site "Zagreb"]
[Date "2005.04.03"]
[Round "1.1"]
[White "Frouth, Nenad"]
[Black "Globan, Tomislav"]
[Result "1-0"]
[WhiteElo "2154"]
[BlackElo "2192"]
[PlyCount "102"]
[EventDate "2005.04.03"]
[EventType "tourn"]
[EventRounds "11"]
[EventCountry "CRO"]
[SourceTitle "EXT 2007"]
[Source "ChessBase"]
[SourceDate "2006.11.23"]
[SourceVersion "1"]
[SourceVersionDate "2006.11.23"]
[SourceQuality "1"]

1. Nf3 c5 2. b3 d6 3. Bb2 Bg4 4. d4 cxd4 5. Nxd4 Nf6 6. g3 e5 7. h3 Bd7 8. Nf3 Bc6 9. Bg2 Be7 10. 0-0 b5 11. Nbd2 Qb6 12. a4 a6 13. a5 Qb7 14. c4 Nbd7 15. Ne1 Bxg2 16. Nxg2 d5 17. cxd5 Nxd5 18. e4 Nb4 19. Nf3 f6 20. Qe2 Rc8 21. Rfd1 0-0 22. Ba3 Rfd8 23. Rd2 Nb8 24. Nge1 Rxd2 25. Nxd2 N8c6 26. Bb2 Qd7 27. Kg2 Rd8 28. Nf1 Nd4 29. Bxd4 Qxd4 30. Rc1 Bf8 31. Qf3 Qb2 32. Rc7 Qb1 33. Qe3 Qd1 34. Nh2 Qd4 35. Ng4 h5 36. Nxf6+ gxf6 37. Qf3 Qd6 38. Rb7 Bg7 39. Qxh5 Qf8 40. Nf3 Nc6 41. Qg4 Re8 42. Nh4 Re7 43. Rb6 Nd4 44. Ng6 Qe8 45. Nxe7+ Qxe7 46. Rb8+ Kh7 47. Qh4+ Bh6 48. Rb6 Nxb3 49. Rxa6 Nd4 50. Rb6 Qf8 51. a6 Kg8 1-0